|
|
|
|
| LEADER |
00000cam a22000004a 4500 |
| 001 |
musev2_9075 |
| 003 |
MdBmJHUP |
| 005 |
20230905041033.0 |
| 006 |
m o d |
| 007 |
cr||||||||nn|n |
| 008 |
050420s2005 inu o 00 0 eng d |
| 010 |
|
|
|z 2005011500
|
| 020 |
|
|
|a 9780253111555
|
| 020 |
|
|
|z 0253111552
|
| 020 |
|
|
|z 9780253346674
|
| 035 |
|
|
|a (OCoLC)76869289
|
| 040 |
|
|
|a MdBmJHUP
|c MdBmJHUP
|
| 043 |
|
|
|a n-us-ca
|a e-fr---
|a a-ja---
|
| 050 |
0 |
4 |
|a RA1242.T6
|b R435 2005
|
| 082 |
0 |
|
|a 362.29/67
|2 22
|
| 100 |
1 |
|
|a Reid, Roddey,
|d 1952-
|
| 245 |
1 |
0 |
|a Globalizing Tobacco Control :
|b Anti-smoking Campaigns in California, France, and Japan /
|c Roddey Reid.
|
| 264 |
|
1 |
|a Bloomington :
|b Indiana University Press,
|c 2005.
|
| 264 |
|
3 |
|a Baltimore, Md. :
|b Project MUSE,
|c 2012
|
| 264 |
|
4 |
|c ©2005.
|
| 300 |
|
|
|a 1 online resource (328 pages):
|b ill. ;
|
| 336 |
|
|
|a text
|b txt
|2 rdacontent
|
| 337 |
|
|
|a computer
|b c
|2 rdamedia
|
| 338 |
|
|
|a online resource
|b cr
|2 rdacarrier
|
| 504 |
|
|
|a Includes bibliographical references (p. [265]-289) and index.
|
| 505 |
0 |
|
|a Global and local strategies: state and NGO initiatives, community mobilization, and social marketing -- The dynamics of collaboration and community input in the media campaign -- The campaign against secondhand smoke: family, ethical subjects, and the social body -- Revising late modernity: smoking as icon of industrialism and the cold war in public health and media culture -- France: unexceptional exceptionalism? -- Japan: in the shadow of colonialism and Japan tobacco.
|
| 588 |
|
|
|a Description based on print version record.
|
| 650 |
2 |
2 |
|a Social Change
|z Japan.
|
| 650 |
2 |
2 |
|a Social Change
|z France.
|
| 650 |
2 |
2 |
|a Social Change
|z California.
|
| 650 |
2 |
2 |
|a Health Promotion
|z Japan.
|
| 650 |
2 |
2 |
|a Health Promotion
|z France.
|
| 650 |
2 |
2 |
|a Health Promotion
|z California.
|
| 650 |
2 |
2 |
|a Health Knowledge, Attitudes, Practice
|z Japan.
|
| 650 |
2 |
2 |
|a Health Knowledge, Attitudes, Practice
|z France.
|
| 650 |
2 |
2 |
|a Health Knowledge, Attitudes, Practice
|z California.
|
| 650 |
2 |
2 |
|a Cross-Cultural Comparison
|z Japan.
|
| 650 |
2 |
2 |
|a Cross-Cultural Comparison
|z France.
|
| 650 |
2 |
2 |
|a Cross-Cultural Comparison
|z California.
|
| 650 |
1 |
2 |
|a Smoking Cessation
|z Japan.
|
| 650 |
1 |
2 |
|a Smoking Cessation
|z France.
|
| 650 |
1 |
2 |
|a Smoking Cessation
|z California.
|
| 650 |
|
0 |
|a Smoking
|z Japan
|x Prevention.
|
| 650 |
|
0 |
|a Smoking
|z France
|x Prevention.
|
| 650 |
|
0 |
|a Smoking
|z California
|x Prevention.
|
| 650 |
|
0 |
|a Smoking
|x Government policy
|z Japan.
|
| 650 |
|
0 |
|a Smoking
|x Government policy
|z France.
|
| 650 |
|
0 |
|a Smoking
|x Government policy
|z California.
|
| 650 |
|
0 |
|a Smoking
|x Government policy
|v Cross-cultural studies.
|
| 655 |
|
7 |
|a Electronic books.
|2 local
|
| 710 |
2 |
|
|a Project Muse.
|e distributor
|
| 830 |
|
0 |
|a Book collections on Project MUSE.
|
| 856 |
4 |
0 |
|z Texto completo
|u https://projectmuse.uam.elogim.com/book/9075/
|
| 945 |
|
|
|a Project MUSE - Custom Collection
|
| 945 |
|
|
|a Project MUSE - Archive Complete Foundation
|
| 945 |
|
|
|a Project MUSE - Archive Political Science and Policy Studies Foundation
|